Strength of Materials (Record no. 6164)

000 -LEADER
fixed length control field 00468nam a22001937a 4500
001 - CONTROL NUMBER
control field 6164
003 - CONTROL NUMBER IDENTIFIER
control field BD-DhUET
008 - FIXED-LENGTH DATA ELEMENTS--GENERAL INFORMATION
fixed length control field 141130b xxu||||| |||| 00| 0 eng d
040 ## - CATALOGING SOURCE
Original cataloging agency DLC
Transcribing agency DLC
Modifying agency BD-DhUET
082 ## - DEWEY DECIMAL CLASSIFICATION NUMBER
Classification number 620.11
Item number KHU/1984
100 ## - MAIN ENTRY--PERSONAL NAME
Personal name Khurmi, R. S.
245 ## - TITLE STATEMENT
Title Strength of Materials
250 ## - EDITION STATEMENT
Edition statement 14th ed.
260 ## - PUBLICATION, DISTRIBUTION, ETC. (IMPRINT)
Place of publication, distribution, etc. New Delhi
Name of publisher, distributor, etc. S. Chand
Date of publication, distribution, etc. 1984
300 ## - PHYSICAL DESCRIPTION
Extent vi, 991 p.
Other physical details ill.
650 #0 - SUBJECT ADDED ENTRY--TOPICAL TERM
Topical term or geographic name as entry element Strength of materials
700 ## - ADDED ENTRY--PERSONAL NAME
Personal name Lal, Jagdish
942 ## - ADDED ENTRY ELEMENTS (KOHA)
Koha item type General Book
Holdings
Koha item type Price effective from Lost status Koha normalized classification for sorting Sublocation or collection (holding branch) Koha full call number Koha date last seen Piece designation (barcode) Withdrawn status Not for loan Copy number Damaged status Shelving location Location (home branch) Date acquired Source of classification or shelving scheme
General Book2014-11-30 620_110000000000000_KHU_1984Central Library, BUET620.11/KHU/19842014-11-3058300  1 Circulation sectionCentral Library, BUET2014-11-30 
General Book2014-12-04 620_110000000000000_KHU_1984Central Library, BUET620.11/KHU/19842014-12-0458299  2 Circulation sectionCentral Library, BUET2014-12-04 
General Book2014-12-04 620_110000000000000_KHU_1984Central Library, BUET620.11/KHU/19842017-01-2558304  3 Circulation sectionCentral Library, BUET2014-12-04 
General Book2014-12-06 620_110000000000000_KHU_1984Central Library, BUET620.11/KHU/19842014-12-0658293  4 Circulation sectionCentral Library, BUET2014-12-06 
General Book2014-12-06 620_110000000000000_KHU_1984Central Library, BUET620.11/KHU/19842014-12-0639805  5 Circulation sectionCentral Library, BUET2014-12-06 
General Book2015-04-30 620_110000000000000_KHU_1984Central Library, BUET620.11/KHU/19842015-04-3058305  6 Circulation sectionCentral Library, BUET2015-04-30 
General Book2015-04-30 620_110000000000000_KHU_1984Central Library, BUET620.11/KHU/19842015-04-3058303  7 Circulation sectionCentral Library, BUET2015-04-30 
Reading Item2015-06-20 620_110000000000000_KHU_1984Central Library, BUET620.11/KHU/19842015-06-2058306  8 Reading sectionCentral Library, BUET2015-06-20 
Reading Item2015-06-28 620_110000000000000_KHU_1984Central Library, BUET620.11/KHU/19842015-06-2858297  11 Reading sectionCentral Library, BUET2015-06-28 
Reading Item2015-06-28 620_110000000000000_KHU_1984Central Library, BUET620.11/KHU/19842015-06-2858298  10 Reading sectionCentral Library, BUET2015-06-28 
Reading Item2015-06-28 620_110000000000000_KHU_1984Central Library, BUET620.11/KHU/19842015-06-2858301  11 Reading sectionCentral Library, BUET2015-06-28 
Reading Item2015-06-30 620_110000000000000_KHU_1984Central Library, BUET620.11/KHU/19842015-06-3058296  12 Reading sectionCentral Library, BUET2015-06-30 
Reading Item2015-06-30 620_110000000000000_KHU_1984Central Library, BUET620.11/KHU/19842015-06-3058295  13 Reading sectionCentral Library, BUET2015-06-30 
Reading Item2015-07-02 620_110000000000000_KHU_1984Central Library, BUET620.11/KHU/19842015-07-0258302  14 Reading sectionCentral Library, BUET2015-07-02